International trade and economic convergence: the credit channel (Record no. 48818)

000 -LEADER
fixed length control field 00383pab a2200145 454500
008 - FIXED-LENGTH DATA ELEMENTS--GENERAL INFORMATION
fixed length control field 180718b2001 xxu||||| |||| 00| 0 eng d
100 ## - MAIN ENTRY--PERSONAL NAME
Personal name Lane, Philip R.
245 ## - TITLE STATEMENT
Title International trade and economic convergence: the credit channel
260 ## - PUBLICATION, DISTRIBUTION, ETC.
Date of publication, distribution, etc. 2001
300 ## - PHYSICAL DESCRIPTION
Extent p.221-40
362 ## - DATES OF PUBLICATION AND/OR SEQUENTIAL DESIGNATION
Dates of publication and/or sequential designation Apr
650 ## - SUBJECT ADDED ENTRY--TOPICAL TERM
Topical term or geographic name entry element International trade
773 ## - HOST ITEM ENTRY
Main entry heading Oxford Economic Papers
909 ## -
-- 48818
Holdings
Withdrawn status Lost status Damaged status Not for loan Permanent Location Current Location Date acquired Serial Enumeration / chronology Barcode Date last seen Price effective from Koha item type
        Indian Institute of Public Administration Indian Institute of Public Administration 2018-07-19 Volume no: 53, Issue no: 2 AR49246 2018-07-19 2018-07-19 Articles

Powered by Koha